| 000 | 00706 a2200181 4500 | ||
|---|---|---|---|
| 020 | _a093976587X | ||
| 040 |
_aDLC _bDLC |
||
| 082 | 0 | 0 | _a515 |
| 245 | 0 | 0 |
_aContemporary calculus through applications _cKevin G. Bartkovich, Gloria B. Barrett |
| 260 |
_aDedham, Mass. : _bJanson Publications, _cc1996. |
||
| 300 |
_axiv, 512 p. : _bill. ; _c25 cm. |
||
| 500 | _a"The Department of Mathematics and Computer Science, the North Carolina School of Science and Mathematics." | ||
| 650 | 0 | _aCalculus. | |
| 700 | 1 | _aBartkovich, Kevin G. | |
| 700 | 1 |
_aBarrett, Gloria B., _d1948- |
|
| 710 | 2 |
_aNorth Carolina School of Science and Mathematics. _bDept. of Mathematics and Computer Science. |
|
| 942 |
_cBK _k515 BAR _2ddc |
||
| 999 |
_c7496 _d7496 |
||